000 01056nam a2200229Ia 4500
003 OSt
005 20220923221244.0
006 a|||||r|||| 00| 0
007 ta
008 220922b |||||||| |||| 00| 0 hin d
024 _a195,989
037 _cTextual
040 _aARTS
_cARTS
_bhin
041 _2hin
_ahin
082 _aP15:1, 152L3
100 _aवर्मा, सिद्धेश्वर; शर्मा, देवीदत्त, अनु.
_9165244
245 0 _aप्राचीन भारतीय व्याकरणों के ध्वनयात्मक विचारों का विवेचनात्मक अध्ययन
246 _aPrāchīn bhāratīya vyākaraṇoan ke dhvanayātmak vichāroan kā vivechanātmak adhyayana
260 _aदिल्ली
_b इन्डियन पब्लि हा0
_c1973
942 _hP15:1, 152L3
_cTEXL
_2CC
999 _c348080
_d348080